| 000 | 01164nam a22003490a 4500 | ||
|---|---|---|---|
| 001 | PT4858 | ||
| 003 | AR-LpoUNG | ||
| 005 | 20210131232027.0 | ||
| 008 | 191001s1998||||sp |||||||||||||||||spa d | ||
| 020 |
_a8449408539 _c$4.31 |
||
| 040 |
_aAR-LpoUNG _bspa _cAR-LpoUNG _eaacr |
||
| 041 | _aspa | ||
| 044 | _asp | ||
| 082 | 0 | _aR438 15dic | |
| 245 | 1 | 0 |
_aDiccionario moderno alemán : _bespañol-alemán : alemán-español : con la nueva ortografía alemana |
| 250 | _a1ra. ed. | ||
| 260 |
_aBarcelona : _bOcéano, _c1998. |
||
| 300 |
_a1053 p. : _bgráfs., tbls. |
||
| 520 | _a<p>Comentarios gramaticales, vocabulario muy actual, voces latinas, transcripciones fonéticas, abreviaturas, pesos, medidas, modelos de conjugación y declinación.</p> | ||
| 650 | 4 | _aDICCIONARIOS | |
| 650 | 4 | _aDOCUMENTOS PRIMARIOS | |
| 650 | 4 | _aLENGUA ALEMANA | |
| 650 | 4 | _aLENGUA ESPAÑOLA | |
| 650 | 4 | _aMATERIAL DE REFERENCIA | |
| 650 | 4 | _aTEMINOLOGIA | |
| 651 | 4 | _aDOCUMENTOS TEORICOS O METODOLOGICOS | |
| 653 | _aDICCIONARIOS BILINGÜES | ||
| 653 | _aDICCIONARIOS DE ALEMAN | ||
| 710 | 2 | _aOcéano Langenscheidt (Berlín) | |
| 905 | _a4858 | ||
| 942 | _cLSALA | ||
| 999 |
_c13317 _d13317 |
||